Vplyv reaktívnych aditív na biodegradovateľné polymérne materiály

Saved in:
Bibliographic Details
Main Author: Makuch, Marián (Author)
Other Authors: Omaníková, Leona (Thesis advisor)
Format: Manuscript Book
Language:Slovak
Published: 2020
Subjects:
Online Access:http://is.stuba.sk/zp/portal_zp.pl?podrobnosti=150769
Tags: Add Tag
No Tags, Be the first to tag this record!

MARC

LEADER 00000ntm a22000003a 4500
001 stuzp78515
003 SK-STU
005 20200627210332.5
007 ta
008 150427s2015----xo-----f-mn---000-0-slo-d
040 |a STU  |b slo 
041 0 |a slo 
100 1 |a Makuch, Marián  |u 049370  |4 aut  |U FCHPT Ústav prírodných a syntetických polymérov  |T FCHPT Oddelenie plastov, kaučuku a vlákien  |X 76384  |U C9370  |Y 128  |7 76384 
242 0 1 |a Influence of reactive additives on biodegradable polymeric materials  |y eng 
245 1 0 |a Vplyv reaktívnych aditív na biodegradovateľné polymérne materiály 
260 |c 2020 
650 4 |a biodegradovateľná polymérna zmes  |2 slo 
650 4 |a kyselina polymliečna  |2 slo 
650 4 |a polyhydroxybutyrát  |2 slo 
650 4 |a zmäkčovadlo  |2 slo 
650 4 |a reaktívne aditívum  |2 slo 
650 4 |a biodegradable polymer blend  |2 eng 
650 4 |a polylactic acid  |2 eng 
650 4 |a polyhydroxybutyrate  |2 eng 
650 4 |a plasticizer  |2 eng 
650 4 |a reactive additive  |2 eng 
700 1 |a Omaníková, Leona  |u 049370  |k Z2  |4 ths  |U FCHPT Ústav prírodných a syntetických polymérov  |T FCHPT Oddelenie plastov, kaučuku a vlákien  |X 40715  |U C9370  |Y 128  |7 A00000040715 
856 4 |u http://is.stuba.sk/zp/portal_zp.pl?podrobnosti=150769